LEADER 00876nam0-22002771i-450- 001 990006174030403321 005 19980601 035 $a000617403 035 $aFED01000617403 035 $a(Aleph)000617403FED01 035 $a000617403 100 $a19980601d1958----km-y0itay50------ba 105 $a----m---00-yy 200 1 $a<>Versaumnisverfahren im summarischen Verfahren nach zurcherischen Zivilprozessrecht$edissertation...$fMartin Baumann. 210 $aWinterthur$cP.G. Keller$d1958 215 $aIX,, 158 p.$d24 cm 676 $a347 700 1$aBaumann,$bMartin$0234335 801 0$aIT$bUNINA$gRICA$2UNIMARC 901 $aBK 912 $a990006174030403321 952 $aDISSERT. A 165$b57328$fFGBC 959 $aFGBC 996 $aVersaumnisverfahren im summarischen Verfahren nach zurcherischen Zivilprozessrecht$9647272 997 $aUNINA DB $aGIU01 LEADER 01126cam0-2200373---450- 001 990005410980403321 005 20140128110846.0 010 $a88-420-4805-4 035 $a000541098 035 $aFED01000541098 035 $a(Aleph)000541098FED01 035 $a000541098 100 $a19990604d1995----km-y0itay50------ba 101 0 $aita 102 $aIT 105 $ay-------001yy 200 1 $aScritture bambine$etesti infantili tra passato e presente$fQ. Antonelli ... [et al.]$ga cura di Quinto Antonelli e Egle Becchi 210 $aRoma$aBari$cLaterza$d1995 215 $aXVI, 360 p.$d21 cm 225 1 $aQuadrante Laterza$v80 610 0 $aEtà evolutiva$aPsicologia 610 0 $aFanciulli$aDiari e memorie 610 0 $aScrittura$aInfanzia 676 $a305.234 702 1$aAntonelli,$bQuinto 702 1$aBecchi,$bEgle$f<1930- > 801 0$aIT$bUNINA$gREICAT$2UNIMARC 901 $aBK 912 $a990005410980403321 952 $aP.1 PSV 133$bBibl.24184$fFLFBC 952 $aP.1 PSV 133 BIS$bDIP.FIL.MOD. 7278$fFLFBC 959 $aFLFBC 996 $aScritture bambine$9590966 997 $aUNINA LEADER 01404cam0-2200421---450- 001 990003524710203316 005 20110916091451.0 010 $a978-88-387-6530-8 035 $a000352471 035 $aUSA01000352471 035 $a(ALEPH)000352471USA01 035 $a000352471 100 $a20110427d2011----|||h0itay0103----ba 101 0 $aita 102 $aIT 105 $a||||||||001yy 200 1 $aManuale delle s.r.l.$eCostituzione e gestione ordinaria...$fCinzia De Stefanis, Antonio Quercia$eaggiornato con la più recente giurisprudenza e documentazione di prassi del settore 205 $a2. ed. 210 $aSantarcangelo di Romagna$cMaggioli$d2011 215 $a501 p.$d24 cm$e1 CD-ROM 225 2 $aProfessionisti & imprese$v162$iSocietà 410 0$12001$aProfessionisti & Imprese$v, 162 454 1$12001 461 1$1001-------$12001 606 0 $aSocietà a responsabilità limitata$2BNCF 676 $a346.450668 700 1$aDE STEFANIS,$bCinzia$0267953 701 1$aQUERCIA,$bAntonio$0524401 801 0$aIT$bSALBC$gISBD 912 $a990003524710203316 951 $aXXV.3.E. 628$b19751 EC.$cXXV.3.E.$d00296193 959 $aBK 969 $aGIU 979 $aFIORELLA$b90$c20110427$lUSA01$h1538 979 $aFIORELLA$b90$c20110427$lUSA01$h1540 979 $aANDRIA$b90$c20110916$lUSA01$h0914 996 $aManuale delle s.r.l$91514356 997 $aUNISA LEADER 02758nam0 2200541 i 450 001 CFI0212515 005 20251003044135.0 010 $a8815036555 020 $aIT$b93-222 100 $a19971107d1992 ||||0itac50 ba 101 | $aita 102 $ait 181 1$6z01$ai $bxxxe 182 1$6z01$an 200 1 $aˆL'‰economia italiana nel mondo che cambia$e1990-91$fa cura di Franco Bruni e Fabrizio Onida 210 $aBologna$cIl mulino$d[1992] 215 $a291 p.$d22 cm 225 | $aCronache internazionali$fISPI 300 $aIn testa al front.: ISPI, Istituto per gli studi di politica internazionale. 410 0$1001CFI0167944$12001 $aCronache internazionali$fISPI$171202$aIstituto per gli studi di politica internazionale$3CFIV080660 606 $aItalia$xEconomia$x1990-1991$2FIR$3CFIC062804$9I 676 $a330.945$9ECONOMIA - Situazioni e condizioni economiche - Italia$v14 676 $a330.945$9SITUAZIONI E CONDIZIONI ECONOMICHE. ITALIA$v21 676 $a330.9450928$9SITUAZIONE E CONDIZIONI ECONOMICHE. ITALIA. 1980-1989$v20 676 $a330.9450928$9$v21 676 $a337$9ECONOMIA INTERNAZIONALE$v21 686 $aIT/541.4$cCOMMERCIO ESTERO ITALIA 1989-2001$2R 686 $aIT/5422.6$cPOLITICA ECONOMICA ITALIA 1989-2001$2R 686 $aIT/5430.0$cECONOMIA E SOCIETA ITALIA 1989-2001$2R 686 $aIT/5436.2$cLAVORO FORME CONDIZIONI MERCATO ITALIA 1989-2001$2R 696 $aEconomia reale$aAttività economiche$aAspetti economici 699 $aEconomia$yEconomia reale 699 $aEconomia$zAttività economiche 699 $aEconomia$zAspetti economici 702 1$aOnida$b, Fabrizio$3CFIV019310 702 1$aBruni$b, Franco$f <1948- >$3CFIV058451 712 02$aIstituto per gli studi di politica internazionale$3CFIV080660 790 1$aBruni$b, Franco$c $3MILV171156$zBruni, Franco <1948- > 791 02$aISPI$c $3CFIV118665$zIstituto per gli studi di politica internazionale 801 3$aIT$bIT-000000$c19971107 850 $aIT-BN0095 $aIT-NA0457 901 $bNAP BI$cSALA 3 $nLibri da 1597 a 3785 901 $bNAP 01$cPOZZO LIB.$nVi sono collocati fondi di economia, periodici di ingegneria e scienze, periodici di economia e statistica e altri fondi comprendenti documenti di economia pervenuti in dono. 912 $aCFI0212515 950 0$aBiblioteca Centralizzata di Ateneo$c1 v.$d 01POZZO LIB.ECON MON 3867$e 0101 0000113775E VMA 1 v. (Precedente collocazione GUERRAZZI B 1782)$fB $h20091229$i20091229 977 $a 01$a BI 996 $aEconomia italiana nel mondo che cambia$956979 997 $aUNISANNIO